| 000 | 00425nam a2200169Ia 4500 | ||
|---|---|---|---|
| 005 | 20250423095228.0 | ||
| 008 | 250422s9999 xx 000 0 und d | ||
| 020 | _a9784643914 | ||
| 050 | _aP 96 .E85/ | ||
| 100 | _aEsimokha, Godwin | ||
| 245 | 0 | _aEnglish for mass communication: a systemic guide on writing skills | |
| 260 | _aKwara | ||
| 260 | _bDalaz Prints Offa | ||
| 260 | _c2013 | ||
| 300 | _a206 p | ||
| 942 | _cBK | ||
| 999 |
_c29634 _d29634 |
||